| 000 | 00626nam a2200193 i 4500 | ||
|---|---|---|---|
| 001 | 43649 | ||
| 003 | ES-MaACL | ||
| 005 | 20230906160842.0 | ||
| 007 | t| | ||
| 008 | 030318s1777 it ||||1| lat d | ||
| 100 | 1 |
_aCatulo, Cayo Valerio. _937089 |
|
| 245 | 1 | 0 |
_aCasta Carmina... notis perpetuis illustrata / _cCayo Valerio Cátulo, Albii tibulli et Sexti Aurelii Propertii. |
| 250 | _aEditio ceteris emendatior. | ||
| 260 |
_aBassani : _b[s.n.], _c1777. |
||
| 300 |
_a192 p. ; _c14 cm. |
||
| 700 | 1 |
_aTibuli, Albii. _9110210 |
|
| 700 | 1 |
_aPropertii, Sexti Aurelii. _994032 |
|
| 852 |
_aES-MaACL _jR-3201 _xOlim:B-6138 |
||
| 999 |
_c43649 _d43649 |
||